[Event "World Senior 50+ 2014"]
[Site "Katerini GRE"]
[Date "2014.10.31"]
[Round "7.20"]
[White "Sand, Rolf"]
[Black "Limono, Handjojo"]
[Result "1/2-1/2"]
[WhiteElo "1969"]
[BlackElo "1801"]
[WhiteFideId "4610334"]
[BlackFideId "7102909"]
[EventDate "2014.10.24"]

1. c4 c6 2. Nf3 Nf6 3. g3 g6 4. Bg2 Bg7 5. O-O O-O 6. Nc3 d5 7. cxd5 cxd5 8. d4
Nc6 9. Ne5 Be6 10. Bf4 Qb6 11. Nxc6 bxc6 12. Qd2 1/2-1/2

[Event "World Senior 50+ 2014"]
[Site "Katerini GRE"]
[Date "2014.10.31"]
[Round "7.21"]
[White "Wilson, F Leon"]
[Black "Gamback, Bjorn"]
[Result "0-1"]
[WhiteElo "1572"]
[BlackElo "2109"]
[WhiteFideId "2048302"]
[BlackFideId "1703161"]
[EventDate "2014.10.24"]

1. d4 d5 2. c4 c6 3. Nc3 dxc4 4. a4 Be6 5. Nf3 Nf6 6. Bf4 Bd5 7. Nxd5 cxd5 8. e3
e6 9. Be2 Bb4+ 10. Kf1 O-O 11. g3 Nc6 12. Kg2 Ne4 13. Rf1 g5 14. Be5 f6 15. Bxf6
Qxf6 16. h3 Na5 17. Rc1 Qh6 18. Qc2 Rf6 19. Ne5 Qg7 20. Bg4 Nb3 21. Rcd1 Nbd2
22. f3 Nxf1 23. Rxf1 Nd6 24. b3 c3 25. Ra1 Nf5 26. Kf2 Qc7 27. f4 Kh8 28. Rg1
Rg8 29. Bh5 gxf4 30. exf4 Nxd4 31. Qc1 Qxe5 32. Bf3 Qc7 33. Rd1 Nxb3 34. Qc2
Qb6+ 35. Kf1 Rxg3 36. Bg2 Rxf4+ 37. Ke1 Qg1+ 38. Ke2 Re3# 0-1

[Event "World Senior 50+ 2014"]
[Site "Katerini GRE"]
[Date "2014.10.31"]
[Round "7.22"]
[White "Ferreira, Alexander"]
[Black "Bobke, Laurenz"]
[Result "0-1"]
[WhiteElo "1657"]
[BlackElo "1715"]
[WhiteFideId "2102935"]
[BlackFideId "1270575"]
[EventDate "2014.10.24"]

1. e4 e6 2. d4 d5 3. Nc3 Be7 4. exd5 exd5 5. Nf3 Nf6 6. Be2 Bf5 7. Bf4 a6 8. Bd3
Bxd3 9. Qxd3 Nc6 10. a3 O-O 11. O-O Qd7 12. Rae1 h6 13. Ne5 Qd8 14. Nxc6 bxc6
15. Na4 Bd6 16. Bxd6 Qxd6 17. Nc5 a5 18. Re2 Rab8 19. b3 Ng4 20. Qg3 Qxg3 21.
hxg3 Rfe8 22. Rfe1 Rxe2 23. Rxe2 Nf6 24. f3 Kf8 25. Na6 Re8 26. Kf2 Rxe2+ 27.
Kxe2 Ne8 28. b4 a4 29. Nxc7 Nxc7 30. Kd3 Nb5 31. c4 Nxa3 32. cxd5 cxd5 33. Kc3
Nb5+ 34. Kb2 Ke7 0-1

[Event "World Senior 50+ 2014"]
[Site "Katerini GRE"]
[Date "2014.10.31"]
[Round "7.23"]
[White "Caribe Santos, Luiz Carlos"]
[Black "Karatas, Kursat"]
[Result "1/2-1/2"]
[WhiteElo "1590"]
[BlackElo "1741"]
[WhiteFideId "2171708"]
[BlackFideId "6336841"]
[EventDate "2014.10.24"]

1. d4 Nf6 2. c4 c5 3. e3 g6 4. Nc3 Bg7 5. Nf3 O-O 6. Be2 cxd4 7. exd4 d5 8. c5
Nc6 9. Be3 Ne4 10. O-O Nxc3 11. bxc3 e5 12. dxe5 Nxe5 13. Nxe5 Bxe5 14. Bd4 Qc7
15. Bxe5 Qxe5 16. Bf3 Be6 17. Qd4 Qg7 18. Rab1 Qxd4 19. cxd4 Rab8 20. Rfe1 Rfd8
21. Re3 b6 22. Reb3 Bf5 23. R1b2 Rbc8 24. g4 Be4 25. Bxe4 dxe4 26. cxb6 axb6 27.
Rxb6 Rxd4 28. Rb8 Rxb8 29. Rxb8+ Kg7 30. Rb3 Rd1+ 31. Kg2 Rd2 32. a3 Ra2 33. g5
h6 34. h4 hxg5 35. hxg5 f5 36. Rb7+ Kf8 37. Rb8+ Ke7 38. Rb7+ Ke6 39. Rb6+ Kf7
40. Rb7+ Kf8 41. Rb8+ Ke7 1/2-1/2

[Event "World Senior 50+ 2014"]
[Site "Katerini GRE"]
[Date "2014.11.01"]
[Round "8.2"]
[White "Kristiansen, Jens"]
[Black "Sturua, Zurab"]
[Result "0-1"]
[WhiteTitle "GM"]
[BlackTitle "GM"]
[WhiteElo "2405"]
[BlackElo "2523"]
[WhiteFideId "1400061"]
[BlackFideId "13600095"]
[EventDate "2014.10.24"]

1. d4 Nf6 2. Nf3 e6 3. e3 c5 4. Bd3 d5 5. b3 Nc6 6. O-O Bd6 7. Bb2 b6 8. Nbd2
Bb7 9. a3 O-O 10. Ne5 Rc8 11. f4 Ne7 12. Qf3 Nf5 13. Rad1 c4 14. Bxf5 exf5 15.
Ndxc4 Ba6 16. Nxd6 Qxd6 17. c4 dxc4 18. bxc4 Bxc4 19. Nxc4 Rxc4 20. d5 Ne4 21.
Rd3 f6 22. Qh3 Qd7 23. Rfd1 Rc2 24. Rb3 Nf2 25. Qf3 Nxd1 26. Qxd1 Rc5 27. Rd3
Rd8 28. d6 Rc6 29. Qb3+ Qf7 0-1

[Event "World Senior 50+ 2014"]
[Site "Katerini GRE"]
[Date "2014.11.01"]
[Round "8.3"]
[White "Arkell, Keith C"]
[Black "Hebden, Mark L"]
[Result "1-0"]
[WhiteTitle "GM"]
[BlackTitle "GM"]
[WhiteElo "2450"]
[BlackElo "2540"]
[WhiteFideId "400270"]
[BlackFideId "400084"]
[EventDate "2014.10.24"]

1. Nf3 Nf6 2. c4 g6 3. Nc3 Bg7 4. d4 O-O 5. g3 d6 6. Bg2 Nc6 7. O-O Rb8 8. b3 a6
9. Nd5 Nh5 10. Bb2 e6 11. Nc3 b5 12. d5 Ne7 13. dxe6 fxe6 14. c5 dxc5 15. Qc2
Nc6 16. Rad1 Nd4 17. Nxd4 cxd4 18. e3 e5 19. exd4 exd4 20. Nd5 d3 21. Qc1 Bf5
22. Bxg7 Nxg7 23. Qxc7 Qxc7 24. Nxc7 a5 25. Nd5 Rf7 26. Ne3 Rd7 27. Rd2 a4 28.
Nxf5 Nxf5 29. Rfd1 axb3 30. axb3 Rbd8 31. Bc6 Rd4 32. Bxb5 g5 33. Rxd3 Kg7 34.
Kg2 R8d6 35. Rxd4 Nxd4 36. Bc4 Kf6 37. b4 Ke5 38. Re1+ Kf6 39. b5 Nf5 40. Rb1
Rb6 41. Bd3 Nd6 42. Rb4 h6 43. h4 Nf7 44. Ra4 Ke5 45. hxg5 hxg5 46. Ra6 Rb8 47.
Rg6 Kd4 48. Be2 Ke5 49. Bc4 1-0

[Event "World Senior 50+ 2014"]
[Site "Katerini GRE"]
[Date "2014.11.01"]
[Round "8.4"]
[White "Bischoff, Klaus"]
[Black "Movsziszian, Karen"]
[Result "1-0"]
[WhiteTitle "GM"]
[BlackTitle "GM"]
[WhiteElo "2504"]
[BlackElo "2487"]
[WhiteFideId "4600045"]
[BlackFideId "13301152"]
[EventDate "2014.10.24"]

1. d4 d6 2. e4 Nf6 3. f3 Nbd7 4. Be3 c6 5. c4 e5 6. d5 Be7 7. Ne2 h5 8. h4 g6 9.
Nec3 cxd5 10. cxd5 Nh7 11. Bf2 f5 12. Nd2 O-O 13. Qc2 a6 14. a4 Ndf6 15. exf5
Bxf5 16. Bd3 Nd7 17. Nce4 Kh8 18. a5 Rc8 19. Qb3 Ndf6 20. Be2 Bxe4 21. fxe4 Qd7
22. Bf3 Ng4 23. Bb6 Rf7 24. Nc4 Qe8 25. Qa4 Qf8 26. Ra3 Qh6 27. Rc3 Rcf8 28. Qc2
Qf4 29. Kd1 Nhf6 30. Qe2 Nd7 31. Bg1 Kg7 32. Kc2 Rc8 33. Kb1 Nc5 34. Nb6 Rd8 35.
Bxc5 dxc5 36. Nc4 Nf6 37. Rb3 Rd7 38. Qe1 Ne8 39. g3 Qf6 40. g4 Qf4 41. gxh5 g5
42. h6+ Kh7 1-0

[Event "World Senior 50+ 2014"]
[Site "Katerini GRE"]
[Date "2014.11.01"]
[Round "8.6"]
[White "Barle, Janez"]
[Black "Alexakis, Dimitrios"]
[Result "1-0"]
[WhiteTitle "IM"]
[WhiteElo "2338"]
[BlackElo "2224"]
[WhiteFideId "14600021"]
[BlackFideId "4200527"]
[EventDate "2014.10.24"]

1. e4 d5 2. Nc3 dxe4 3. Nxe4 Nf6 4. Nxf6+ exf6 5. d4 Bd6 6. Bd3 O-O 7. c3 Nc6 8.
Ne2 Bg4 9. Qc2 h6 10. h3 Bd7 11. Be3 Ne7 12. c4 Bb4+ 13. Nc3 c6 14. O-O Bxc3 15.
bxc3 b5 16. cxb5 cxb5 17. Rab1 a6 18. Be4 Rc8 19. d5 f5 20. Bf3 Ng6 21. Qd2 Qh4
22. Rb4 Rc4 23. Rxc4 bxc4 24. Rb1 f4 25. Bd4 Qg5 26. Kh2 Bf5 27. Rg1 Bd3 28. Qe1
Rb8 29. g3 Kh7 30. Be4 Rb1 31. Bxg6+ fxg6 32. Qe5 Qxe5 33. Bxe5 fxg3+ 34. Bxg3
Rxg1 35. Kxg1 Kg8 36. f3 g5 37. Kf2 Kf7 38. Ke3 Bf1 39. Kd4 Ke7 40. Kc5 Bxh3 41.
Kxc4 Bg2 42. Kd4 h5 43. c4 h4 44. Be1 Bxf3 45. c5 Kd7 46. Ke5 Bg2 47. c6+ Kc7
48. a4 Bf3 49. a5 Bg2 50. Ke6 Bf3 51. Bc3 h3 52. Bxg7 Kc8 53. Be5 Bg4+ 54. Kd6
Bf3 55. Kc5 Be4 56. d6 Bf5 57. Kb6 1-0

[Event "World Senior 50+ 2014"]
[Site "Katerini GRE"]
[Date "2014.11.01"]
[Round "8.7"]
[White "Bouaziz, Slim"]
[Black "Nikolaidis, Konstantinos"]
[Result "1/2-1/2"]
[WhiteTitle "GM"]
[BlackTitle "FM"]
[WhiteElo "2321"]
[BlackElo "2178"]
[WhiteFideId "5500010"]
[BlackFideId "4200578"]
[EventDate "2014.10.24"]

1. d4 Nf6 2. c4 e6 3. Nc3 Bb4 4. Qc2 O-O 5. a3 Bxc3+ 6. Qxc3 b6 7. Nf3 Bb7 8. g3
Ne4 9. Qc2 f5 10. Bg2 d6 11. O-O Nd7 12. Ng5 Nxg5 13. Bxb7 Rb8 14. Bc6 h6 15.
Qa4 Nf6 16. Qxa7 Qe7 17. Qa4 Qf7 18. Bg2 Qh5 19. Bxg5 hxg5 20. e3 Kf7 21. f3 Rh8
22. h3 b5 23. cxb5 Nd5 24. Rae1 f4 25. e4 Ne3 26. Rxe3 fxe3 27. Qc4 Rb7 28. b3
Rhb8 29. a4 Qh6 30. d5 Ke7 31. Qd4 Kd7 32. dxe6+ Qxe6 33. Qxe3 c6 34. bxc6+ Kxc6
35. Qc3+ Kd7 36. Qxg7+ Qe7 37. Qxe7+ Kxe7 38. a5 Rxb3 39. Ra1 Rb1+ 40. Rxb1
Rxb1+ 41. Bf1 Ra1 42. a6 d5 43. exd5 Kd6 44. Kf2 Kxd5 45. Be2 Ra3 46. h4 gxh4
47. gxh4 Ke5 48. Kg3 Kf6 49. Kg4 Ra2 50. Bd3 Ra3 1/2-1/2

[Event "World Senior 50+ 2014"]
[Site "Katerini GRE"]
[Date "2014.11.01"]
[Round "8.8"]
[White "Kalegin, Evgenij"]
[Black "Findlay, David John"]
[Result "1-0"]
[WhiteTitle "IM"]
[WhiteElo "2474"]
[BlackElo "2162"]
[WhiteFideId "4103416"]
[BlackFideId "2400278"]
[EventDate "2014.10.24"]

1. e4 e5 2. Nf3 d6 3. d4 exd4 4. Qxd4 Nc6 5. Bb5 Ne7 6. Bg5 a6 7. Bxc6+ Nxc6 8.
Qd2 f6 9. Bf4 Be6 10. Nc3 Be7 11. O-O-O O-O 12. Rhe1 Re8 13. h3 Ne5 14. Nd4 Bf7
15. Nf5 Bf8 16. Bh2 b5 17. Nd5 Nc4 18. Qc3 Bxd5 19. exd5 Qd7 20. Nd4 Nb6 21. Qf3
g6 22. Re6 f5 23. g4 fxg4 24. hxg4 Bh6+ 25. Kb1 Rf8 26. Qe4 Rxf2 27. Re7 Qc8 28.
Bg3 Rf7 29. Rxf7 Kxf7 30. Rh1 Nc4 31. Bf4 Bg7 32. Rxh7 Qg8 33. Qe6+ Kf8 34. Qxg6
Bxd4 35. Qf5+ Ke8 36. Qd7+ Kf8 37. Qe7# 1-0

[Event "World Senior 50+ 2014"]
[Site "Katerini GRE"]
[Date "2014.11.01"]
[Round "8.9"]
[White "Shevelev, Arkady"]
[Black "Chapman, Terry P D"]
[Result "1/2-1/2"]
[WhiteTitle "IM"]
[BlackTitle "FM"]
[WhiteElo "2295"]
[BlackElo "2304"]
[WhiteFideId "2802163"]
[BlackFideId "413399"]
[EventDate "2014.10.24"]

1. e4 d6 2. d4 Nf6 3. Nc3 e5 4. Nf3 Nbd7 5. Bc4 Be7 6. O-O Nb6 7. Be2 exd4 8.
Nxd4 O-O 9. f4 d5 10. e5 Ne4 11. Nxe4 dxe4 12. c3 Bc5 13. Kh1 Bxd4 14. cxd4 f5
15. Be3 Be6 16. b3 Qd7 17. Rc1 c6 18. Bc4 Bd5 19. Qd2 a5 20. Rc2 Kh8 21. Kg1 h6
22. Be2 Be6 23. Bc4 Bd5 24. Be2 Be6 25. Bc4 Rfd8 26. Qc3 Kh7 27. Qe1 Qf7 28. Qc3
g6 29. Rfc1 Rd7 30. Rd2 Qe7 31. Rdc2 Bd5 32. Be2 Be6 33. Bc4 Bd5 34. Be2 Bg8 35.
Bc4 1/2-1/2

[Event "World Senior 50+ 2014"]
[Site "Katerini GRE"]
[Date "2014.11.01"]
[Round "8.10"]
[White "Bluvshtein, Ilia"]
[Black "Furman, Boris"]
[Result "0-1"]
[BlackTitle "FM"]
[WhiteElo "2088"]
[BlackElo "2152"]
[WhiteFideId "2605317"]
[BlackFideId "4107187"]
[EventDate "2014.10.24"]

1. e4 c5 2. Nf3 Nc6 3. d4 cxd4 4. Nxd4 Nf6 5. Nc3 d6 6. Bg5 e6 7. Qd2 Be7 8.
O-O-O O-O 9. f4 d5 10. e5 Nd7 11. Bxe7 Qxe7 12. Nf3 Nb6 13. Kb1 Bd7 14. Bd3 Rac8
15. g4 f6 16. Rhe1 fxe5 17. Nxe5 Nxe5 18. Rxe5 Qf6 19. Rf1 Nc4 20. Bxc4 Rxc4 21.
Ree1 Rxf4 22. Rxf4 Qxf4 23. Qe2 Qf3 24. Qe5 Qxg4 25. Qd6 Qh4 26. Rd1 Bc8 27. b3
Qf4 28. Qe7 Qxh2 29. Nb5 Qe2 30. Rd3 Qe5 31. Rd1 Qf6 32. Qb4 a6 33. Na7 Qf7 34.
Qb6 Qe7 35. Qd4 Bd7 0-1

[Event "World Senior 50+ 2014"]
[Site "Katerini GRE"]
[Date "2014.11.01"]
[Round "8.11"]
[White "Ismail, Ahmad"]
[Black "Stepovoj, Vladimir"]
[Result "0-1"]
[BlackTitle "IM"]
[WhiteElo "2075"]
[BlackElo "2323"]
[WhiteFideId "5700655"]
[BlackFideId "4120159"]
[EventDate "2014.10.24"]

1. d4 Nf6 2. Nf3 c5 3. e3 e6 4. Bd3 b6 5. O-O Bb7 6. a4 Nc6 7. c3 Be7 8. Nbd2
O-O 9. e4 cxd4 10. cxd4 Nb4 11. Bb1 Ba6 12. Re1 Nd3 13. Bxd3 Bxd3 14. Qb3 Ba6
15. d5 exd5 16. e5 Ne8 17. Qxd5 Nc7 18. Qe4 Ne6 19. Nb3 Rc8 20. Be3 Rc4 21. Qd5
Nc7 22. Qd1 Bb7 23. a5 Nd5 24. axb6 axb6 25. Qd3 Rg4 26. Qf5 Rg6 27. Ra7 Qb8 28.
Rea1 Nxe3 29. fxe3 d6 30. e4 Bc8 31. Rxe7 Bxf5 32. exf5 Rh6 33. e6 fxe6 34. Raa7
Rxf5 35. Rxg7+ Kh8 36. Nbd4 Ra5 37. Rab7 Qf8 38. Rgf7 Qg8 39. Rfd7 Rg6 40. Nh4
Ra1+ 41. Kf2 Rf6+ 42. Ndf3 e5 43. Re7 Ra4 44. Ke1 Re4+ 45. Kd1 Qb3+ 0-1

[Event "World Senior 50+ 2014"]
[Site "Katerini GRE"]
[Date "2014.11.01"]
[Round "8.12"]
[White "Heinig, Wolfram"]
[Black "Habibi, Ali"]
[Result "1/2-1/2"]
[WhiteTitle "FM"]
[BlackTitle "IM"]
[WhiteElo "2296"]
[BlackElo "2247"]
[WhiteFideId "4611926"]
[BlackFideId "4604393"]
[EventDate "2014.10.24"]

1. Nf3 c5 2. c4 b6 3. d4 cxd4 4. Nxd4 Bb7 5. Nc3 Nf6 6. f3 a6 7. e4 d6 8. Be2 e6
9. O-O Be7 10. Be3 O-O 11. Qd2 Re8 12. Rfd1 Nbd7 13. Bf1 Qc7 14. Rac1 Rac8 15.
a3 Qb8 16. Qf2 Bd8 17. Kh1 Bc7 18. Nde2 Kh8 1/2-1/2

[Event "World Senior 50+ 2014"]
[Site "Katerini GRE"]
[Date "2014.11.01"]
[Round "8.13"]
[White "Malinin, Vasily B."]
[Black "Kempen, Leon"]
[Result "0-1"]
[WhiteTitle "GM"]
[BlackTitle "CM"]
[WhiteElo "2280"]
[BlackElo "1949"]
[WhiteFideId "4140249"]
[BlackFideId "3203786"]
[EventDate "2014.10.24"]

1. d4 e6 2. e4 d5 3. Nc3 Nf6 4. e5 Nfd7 5. f4 c5 6. Nce2 cxd4 7. Nxd4 Nc6 8. c3
Nxd4 9. cxd4 Bb4+ 10. Kf2 O-O 11. Nf3 f6 12. Bd3 fxe5 13. dxe5 Bc5+ 14. Kg3 Qe8
15. Ng5 g6 16. h4 Be7 17. Nxe6 Bxh4+ 18. Rxh4 Qxe6 19. b3 Nxe5 20. Be2 Nc6 21.
Bf3 Ne7 22. Kh2 Qf6 23. Qe1 Rf7 24. Ba3 Be6 25. Kg1 Nf5 26. Rh3 Nd4 27. Rg3 Nc2
28. Qe2 Qxa1+ 29. Kh2 Nd4 30. Qd2 Nxf3+ 31. Rxf3 Qf6 32. Bb2 d4 33. f5 Bxf5 34.
Rf4 Rd8 35. Bxd4 Rxd4 36. Rxd4 Qe5+ 37. Kh1 Re7 38. Rd8+ Kg7 39. Qg5 h6 0-1

[Event "World Senior 50+ 2014"]
[Site "Katerini GRE"]
[Date "2014.11.01"]
[Round "8.14"]
[White "Frick, Christoph"]
[Black "Auvinen, Esa"]
[Result "1-0"]
[WhiteElo "2241"]
[BlackElo "1972"]
[WhiteFideId "4607090"]
[BlackFideId "501069"]
[EventDate "2014.10.24"]

1. e4 e5 2. Bc4 Nf6 3. d3 Bc5 4. Nf3 d6 5. c3 c6 6. Nbd2 O-O 7. O-O Bg4 8. h3
Bh5 9. Bb3 Nbd7 10. Re1 Bb6 11. Nc4 Nc5 12. Bc2 Bc7 13. d4 Ncd7 14. g4 Bg6 15.
Nh4 Bxe4 16. Nf5 Bxc2 17. Qxc2 exd4 18. cxd4 Nb6 19. Nxb6 axb6 20. Bg5 Re8 21.
Rxe8+ Qxe8 22. Bxf6 gxf6 23. Qd2 Qf8 24. Re1 Re8 25. Rxe8 Qxe8 26. Qh6 Qe1+ 27.
Kg2 Qe4+ 28. Kg3 Qe8 1-0

[Event "World Senior 50+ 2014"]
[Site "Katerini GRE"]
[Date "2014.11.01"]
[Round "8.15"]
[White "Madeira, Wagner Martins"]
[Black "Sand, Rolf"]
[Result "0-1"]
[WhiteTitle "FM"]
[WhiteElo "2207"]
[BlackElo "1969"]
[WhiteFideId "2100797"]
[BlackFideId "4610334"]
[EventDate "2014.10.24"]

1. e4 c5 2. c3 d5 3. exd5 Qxd5 4. d4 g6 5. Be3 cxd4 6. cxd4 Bg7 7. Nc3 Qd8 8.
Nf3 Nf6 9. Be2 O-O 10. O-O Nbd7 11. Qd2 Nb6 12. Ne5 Nbd5 13. Bh6 Be6 14. Bxg7
Kxg7 15. Bf3 Rc8 16. Nxd5 Bxd5 17. a3 Bxf3 18. Nxf3 Nd5 19. Rfe1 e6 20. Ne5 Qd6
21. Re4 Qe7 22. Rae1 Rc7 23. Ng4 Nf6 24. Qh6+ Kg8 25. Nxf6+ Qxf6 26. h4 Rd8 27.
Qe3 Rd5 28. Rf4 Rf5 29. Rxf5 Qxf5 30. d5 Qxd5 31. Qxa7 Rc2 32. b4 Qd2 33. Qe3 h5
34. Qxd2 Rxd2 35. Re5 Kf8 36. Ra5 Ke7 37. Ra7 Rd7 38. Kf1 Kd6 39. Ke2 Kc6 40. g3
Rd5 41. Ra8 Kb6 42. Ke3 Kc6 43. Rf8 Rd7 44. a4 b6 45. Rc8+ Kd5 46. Rb8 Kc6 47.
Ke4 Ra7 48. Rc8+ Kd6 49. Rd8+ Kc7 50. Rf8 Kd6 51. Kd4 Rxa4 52. Kc4 Ke7 53. Rb8
Ra2 54. Rxb6 Rxf2 55. Rb7+ Kd6 56. Kb5 e5 57. Kb6 e4 58. Rb8 Rb2 59. b5 e3 60.
Rd8+ Ke7 61. Rd1 e2 62. Rc1 Ke6 63. Ka6 Ke5 0-1

[Event "World Senior 50+ 2014"]
[Site "Katerini GRE"]
[Date "2014.11.01"]
[Round "8.16"]
[White "Giulian, Philip M"]
[Black "Patola, Eero"]
[Result "1-0"]
[WhiteTitle "FM"]
[WhiteElo "2177"]
[BlackElo "1857"]
[WhiteFideId "2400197"]
[BlackFideId "504092"]
[EventDate "2014.10.24"]

1. d4 Nf6 2. c4 e6 3. Nf3 b6 4. g3 Bb7 5. Bg2 Be7 6. Nc3 O-O 7. Bf4 d5 8. cxd5
Nxd5 9. Nxd5 Bxd5 10. O-O Nd7 11. Qc2 Rc8 12. e4 Bb7 13. Rad1 Nf6 14. Rfe1 Bb4
15. Re3 Nh5 16. Bg5 f6 17. Rb3 fxg5 18. Rxb4 g4 19. Ne5 Qd6 20. Rc4 Nf6 21. Rc3
c5 22. Nc4 Qe7 23. Ne3 cxd4 24. Rxd4 Rxc3 25. Qxc3 Rc8 26. Rc4 Rxc4 27. Qxc4 Kf7
28. e5 Nd5 29. Nxd5 Bxd5 30. Bxd5 exd5 31. Qxd5+ Qe6 32. Qb7+ Qe7 33. Qe4 Qe6
34. b3 a5 35. Kf1 h5 36. Ke2 Qc8 37. Kd3 Ke7 38. Qg6 Qd7+ 39. Ke3 Kf8 40. Qxb6
Qd5 41. Qd6+ 1-0

[Event "World Senior 50+ 2014"]
[Site "Katerini GRE"]
[Date "2014.11.01"]
[Round "8.17"]
[White "Osmolny, Vladimir I."]
[Black "Vardakas, Stefanos"]
[Result "0-1"]
[WhiteTitle "FM"]
[WhiteElo "2154"]
[BlackElo "1954"]
[WhiteFideId "24137049"]
[BlackFideId "4205294"]
[EventDate "2014.10.24"]

1. c4 e5 2. Nf3 Nc6 3. Nc3 Nf6 4. d4 exd4 5. Nxd4 d6 6. e4 Be7 7. Be2 Nxd4 8.
Qxd4 c6 9. Be3 O-O 10. Rd1 Qa5 11. h3 Rd8 12. O-O Be6 13. b4 Qxb4 14. Rb1 Qa5
15. Rxb7 Nd7 16. Qd2 Bf6 17. Rc1 Nc5 18. Rbb1 Bxc3 19. Qxc3 Qxc3 20. Rxc3 Nxe4
21. Ra3 h6 22. Rb7 d5 23. cxd5 cxd5 24. Bd3 a5 25. Bb6 Nd6 26. Re7 Rdc8 27. Rxa5
Rxa5 28. Bxa5 Nc4 29. Bb4 Nb2 30. Bb5 d4 31. a4 d3 32. f4 Rc2 33. Re8+ Kh7 34.
Rd8 Bc4 35. Kh2 h5 36. Kg3 h4+ 37. Kf3 f5 38. Rd4 Nd1 39. Be1 Re2 40. g4 Bxb5
41. axb5 fxg4+ 42. Kxg4 Rxe1 43. b6 Nb2 44. Rd7 Re8 45. Kg5 Rb8 46. b7 Rxb7 47.
Rxb7 d2 48. Rd7 d1=Q 49. Rxd1 Nxd1 50. f5 Nf2 51. Kxh4 Kh6 52. Kg3 Nd3 53. Kg4
Ne5+ 54. Kh4 Nf7 55. Kg4 Nd6 56. Kf4 Kh5 57. Ke5 Nf7+ 58. Kf4 Ng5 59. Kg3 Ne4+
60. Kf4 Nf6 61. Ke5 Kg5 62. Ke6 Nh5 63. Ke5 Kh4 0-1

[Event "World Senior 50+ 2014"]
[Site "Katerini GRE"]
[Date "2014.11.01"]
[Round "8.18"]
[White "Gamback, Bjorn"]
[Black "Limono, Handjojo"]
[Result "1/2-1/2"]
[WhiteElo "2109"]
[BlackElo "1801"]
[WhiteFideId "1703161"]
[BlackFideId "7102909"]
[EventDate "2014.10.24"]

1. d4 Nf6 2. c4 e6 3. Nf3 d5 4. Bg5 Be7 5. e3 c6 6. Qc2 Nbd7 7. cxd5 exd5 8. Bd3
h6 9. Bh4 Nh5 10. Bxe7 Qxe7 11. Nc3 Nf4 12. Bf1 Ne6 13. Be2 Ng5 14. O-O Nxf3+
15. Bxf3 Nf6 16. e4 dxe4 17. Nxe4 Nxe4 18. Bxe4 O-O 19. d5 cxd5 20. Bxd5 Qf6 21.
Qb3 Rb8 22. Rfe1 Bd7 23. Qf3 Qxf3 24. Bxf3 Be6 25. Rac1 Rfc8 26. a3 b6 27. Be4
Kf8 28. f4 g6 29. Kf2 Rxc1 30. Rxc1 Rc8 31. Re1 Kg7 32. Ke3 Bb3 33. Kd2 Re8 34.
Re3 Be6 35. Rc3 Re7 36. Bf3 Rd7+ 37. Ke3 h5 38. g3 Bf5 39. Be2 Kf6 40. Rc6+ Kg7
41. Rc4 Re7+ 42. Kd2 Rd7+ 43. Kc3 Re7 44. Kd2 Rd7+ 45. Kc3 Re7 1/2-1/2

[Event "World Senior 50+ 2014"]
[Site "Katerini GRE"]
[Date "2014.11.01"]
[Round "8.19"]
[White "Sideris, Nikiforos"]
[Black "Pashkov, Vladimir M."]
[Result "1-0"]
[WhiteElo "2017"]
[BlackElo "1818"]
[WhiteFideId "4204271"]
[BlackFideId "24194778"]
[EventDate "2014.10.24"]

1. e4 c5 2. Nf3 Nc6 3. d4 cxd4 4. Nxd4 g6 5. c4 Bg7 6. Be3 d6 7. Nc3 Nf6 8. Be2
O-O 9. O-O Bd7 10. Rc1 a6 11. b3 Nxd4 12. Bxd4 Bc6 13. f3 e6 14. Qd2 Qc7 15.
Rfd1 Rfd8 16. Nd5 exd5 17. cxd5 Qd7 18. dxc6 bxc6 19. Qc3 Qe7 20. Qxc6 a5 21.
Bb5 Bh6 22. Qc7 Qxc7 23. Rxc7 Ne8 24. Rb7 Rdc8 25. Bc4 Rc7 26. Rxc7 Nxc7 27. Bb6
Ne8 28. a4 Rb8 29. Bxa5 Be3+ 30. Kf1 Kf8 31. Ke2 Bc5 32. Kd3 Ke7 33. Be1 g5 34.
b4 Ba7 35. Kc3 Nc7 36. Bg3 Rd8 37. a5 h5 38. h3 Ne6 39. Bxe6 fxe6 40. Kb3 d5 41.
exd5 exd5 42. b5 Ke6 43. b6 Bb8 44. Bxb8 Rxb8 45. Kb4 1-0

[Event "World Senior 50+ 2014"]
[Site "Katerini GRE"]
[Date "2014.11.01"]
[Round "8.20"]
[White "Hafez, Bakr"]
[Black "Bobke, Laurenz"]
[Result "1-0"]
[WhiteTitle "IM"]
[WhiteElo "2013"]
[BlackElo "1715"]
[WhiteFideId "8103607"]
[BlackFideId "1270575"]
[EventDate "2014.10.24"]

1. e4 e6 2. d4 d5 3. Bd3 c5 4. exd5 exd5 5. Nf3 Nc6 6. dxc5 Bxc5 7. O-O Nf6 8.
Qe2+ Be7 9. Bg5 O-O 10. Re1 Re8 11. Bxf6 gxf6 12. Nh4 Ne5 13. Nd2 Bg4 14. Qe3
Bd6 15. Qd4 Be6 16. Nf5 Bc7 17. Rxe5 Bxf5 18. Rxf5 Qd6 19. Qh4 Qe7 20. Rxf6
Bxh2+ 21. Kxh2 1-0

[Event "World Senior 50+ 2014"]
[Site "Katerini GRE"]
[Date "2014.11.01"]
[Round "8.22"]
[White "Karatas, Kursat"]
[Black "Wilson, F Leon"]
[Result "1-0"]
[WhiteElo "1741"]
[BlackElo "1572"]
[WhiteFideId "6336841"]
[BlackFideId "2048302"]
[EventDate "2014.10.24"]

1. e4 c5 2. Nc3 Nc6 3. f4 g6 4. Nf3 Bg7 5. Bb5 d6 6. Bxc6+ bxc6 7. O-O Nf6 8. d3
O-O 9. Qe1 Ba6 10. b3 e6 11. Bd2 Re8 12. e5 dxe5 13. fxe5 Nd7 14. Kh1 f6 15.
exf6 Nxf6 16. Na4 Nd7 17. Rd1 e5 18. Ng5 h6 19. Ne4 Qe7 20. Be3 Bb5 21. Naxc5 a5
22. a4 Ba6 23. Qc3 Bc8 24. Qd2 g5 25. Rf2 Nxc5 26. Nxc5 Bf6 27. Ne4 Bg7 28. Bc5
Qc7 29. Rdf1 Be6 30. Qe2 Kh8 31. Qh5 Qd7 32. Nxg5 Bg4 33. Qh4 Kg8 34. Ne4 Be6
35. Nf6+ Bxf6 36. Rxf6 Qg7 37. Qxh6 Bd5 38. Rg6 Ra7 39. Bxa7 Re7 40. Bc5 Bxg2+
41. Kxg2 Qxg6+ 42. Qxg6+ Rg7 43. Rf8# 1-0

[Event "World Senior 50+ 2014"]
[Site "Katerini GRE"]
[Date "2014.11.01"]
[Round "8.23"]
[White "Caribe Santos, Luiz Carlos"]
[Black "Ferreira, Alexander"]
[Result "1-0"]
[WhiteElo "1590"]
[BlackElo "1657"]
[WhiteFideId "2171708"]
[BlackFideId "2102935"]
[EventDate "2014.10.24"]

1. d4 d5 2. c4 e6 3. Nc3 Nf6 4. Nf3 Be7 5. cxd5 exd5 6. e3 c6 7. Be2 Bg4 8. h3
Be6 9. Qc2 Nbd7 10. O-O h6 11. Re1 O-O 12. Bd2 Bd6 13. Rad1 Re8 14. Bd3 Nf8 15.
a3 Qc8 16. Bf1 Ne4 17. Nxe4 dxe4 18. Ne5 Bxe5 19. dxe5 Bd5 20. Bc4 Rxe5 21. Bxd5
cxd5 22. Bc3 Rg5 23. Kh2 b6 24. Qb3 Qc7+ 25. g3 Qc4 26. Qxc4 dxc4 27. Rd4 b5 28.
Rxe4 Rd5 29. Rd4 Rad8 30. Red1 Rxd4 31. Rxd4 Ne6 32. Rxd8+ Nxd8 33. Kg2 Nc6 34.
Kf3 f6 35. Ke4 a5 36. Kd5 b4 37. Kxc6 bxc3 38. bxc3 Kf7 39. Kc5 Ke6 40. Kxc4 Kd6
41. Kb5 Kc7 42. Kxa5 Kc6 43. Kb4 1-0